El Problema del Conocimiento : (Record no. 17636)

000 -CABECERA
fixed length control field 00841nam a22002057a 4500
003 - IDENTIFICADOR DEL NÚMERO DE CONTROL
control field AR-CdUCM
008 - DATOS DE LONGITUD FIJA--INFORMACIÓN GENERAL
fixed length control field 190313b ||||| |||| 00| 0 spa d
040 ## - FUENTE DE LA CATALOGACIÓN
Agencia/entidad que catalogó originalmente la obra MUNICIPALIDAD PROVINCIAL DEL CUSCO
Entidad que transcribió la catalogación BIBLIOTECA MUNICIPAL DEL CUSCO
082 ## - NÚMERO DE LA CLASIFICACIÓN DECIMAL DEWEY
No. de Clasificación 121 /
Notacion interna C28
100 ## - ENTRADA PRINCIPAL--NOMBRE DE PERSONA
Nombre Personal Cassirer, Ernst
245 ## - MENCIÓN DE TÍTULO
Título El Problema del Conocimiento :
Resto del título en la Filosofía y en la Ciencia Modernas /
260 ## - PUBLICACIÓN, DISTRIBUCIÓN, ETC.
Lugar de publicación, distribución, etc. México, D.F. :
Nombre de la editorial, distribuidor, etc. Fondo de Cultura Económica ;
Fecha de publicación, distribución, etc. 1957.
300 ## - DESCRIPCIÓN FÍSICA
Nº de Páginas Extensión 576 páginas ;
Dimensiones 22 cm
505 ## - NOTA DE CONTENIDO CON FORMATO
Nota de contenido formateada Contenido: t.1. El renacer del problema del conocimiento -- El descubrimiento del concepto de la naturaleza -- Los fundamentos del idealismo -- t.3. Los sistemas postkantianos.
650 ## - PUNTO DE ACCESO ADICIONAL DE MATERIA--TÉRMINO DE MATERIA
Descriptor Conocimiento
9 (RLIN) 5704
650 ## - PUNTO DE ACCESO ADICIONAL DE MATERIA--TÉRMINO DE MATERIA
Descriptor Filosofía
9 (RLIN) 395
700 ## - PUNTO DE ACCESO ADICIONAL--NOMBRE DE PERSONA
Nombre Personal Roces, W. (traductor)
9 (RLIN) 451
942 ## - ELEMENTOS DE PUNTO DE ACCESO ADICIONAL (KOHA)
Fuente de clasificación
Tipo de item Libros-BMC
945 ## - PROCESAMIENTO DE INFORMACIÓN LOCAL (OCLC)
Catalogador acv
AAAA-MM-DD - Fecha de ingreso o modificacion 2019-05-09
Holdings
Estado de retiro (separado) Fuente de clasificación o esquema de estanterías Estado dañado Ubicación Sala donde se ubica Nombre de la colección Fecha de adquisición o compra Costo, precio normal en soles Signatura topográfica Código de Barras Última vez visto (Koha) Tipo de ítem (Koha)
No     Sala Humanidades Sala Humanidades Book Cart 2019-05-09 30.00 121 / C28 / t.3 SH0000012776 2019-05-09 Libros-BMC
No     Sala Humanidades Sala Humanidades Book Cart 2019-05-17 30.00 121 / C28 SH0000014552 2019-05-17 Libros-BMC

Powered by Koha